Представление документа в формате RUSMARC

ПолеНазваниеЗначение
  Тип записи a
  Библиографический уровень m
001 Контрольный номер RU/SLIB/B/208711507
005 Дата корректировки 20241105111707.7
010 Индекс ISBN __
d Цена 4-40
101 Язык документа 0_
a Язык текста rus
c Язык оригинала rus
200 Заглавие и сведения об ответственности 1_
a Заглавие Новочеркасск
e Сведения, относящиеся к заглавию роман
f Первые сведения об ответственности Семенихин Г. А. ; худож. Н. А. Абакумов
b Общее обозначение материала Текст
210 Выходные данные 1_
a Место издания М.
c Издательство Воениздат
d Дата издания 1978
215 Физическое описание __
a Объем 328 с.
606 Тематические рубрики __
a Основная рубрика Художественная литература
606 Тематические рубрики __
a Основная рубрика Русская литература XX в. (произведения)
610 Ключевые слова 0_
a Ключевые слова романы; исторические романы
686 Индексы других классификаций __
2 Код системы rubbks
a Классификационный индекс 84(2Рос=Рус)6-4
700 Автор _1
a Фамилия Семенихин
b Имя Г. А.
4 Код отношения 070
702 Вторичная интеллектуальная ответственность _1
a Фамилия Абакумов
b Имя Н. А.
4 Код отношения Художник
801 Источник записи _0
a Страна RU
b Организация Муниципальное бюджетное учреждение культуры "Централизованная библиотечная система" г. Сургут (Центральная городская библиотека им. А. С. Пушкина)
g Правила каталогизации ОБ/Котельникова
801 Источник записи _1
a Страна RU
b Организация Муниципальное бюджетное учреждение культуры "Централизованная библиотечная система" г. Сургут (Центральная городская библиотека им. А. С. Пушкина)
g Правила каталогизации ОБ/Котельникова
852 Данные о местонахождении __
j Шифр хранения 84(2Рос=Рус)6-4
c Каталожный индекс 84(2Рос=Рус)6-4
i Авторский знак С 30
p Инвентарный номер 70821
901 Тип документа __
t Тип документа m
903 Характеристики (МАРС) __
a Дата передачи 19990216
990 Данные о заказе (DOS) 00
j Количество экземпляров (DOS) 1
t N записи в КСУ для И/У (DOS) 199801